000 00595nam a2200193Ia 4500
005 20250508165112.0
008 008 250505s9999 xx 000 0 eng d
037 _aDissertations
040 _aFEDL
_beng
_cFEDL
041 _aeng
_2eng
084 _a370.7, SAI/DI
_qFEDL
100 _aSaini Deepti
_9779889
245 0 _aDevelopment of teacher education in Indian context: A study in the light of contemporary changes
260 _c2011
300 _a97p.
546 _aM. Ed. Dissertation, (Delhi University)
942 _cDIS
_h370.7, SAI/DI
999 _c1393174
_d1393174